000 01467nam a2200277Ia 4500
999 _c40649
_d40649
001 7277
003 GE_BSU
005 20191217165356.0
008 181216s2012||||ge |||||||||||||| ||geo||
020 _a9789941434144
040 _cGE_BSU
041 _ageo
080 _a81'255=111'276.6:62=353.1 თ-46
100 _aთენეიშვილი, ანა
_95847
245 _aტექნიკური ტექსტი - ლინგვისტური მახასიათებლები, თარგმნის პრობლემები :
_b(ელექტრომექანიკის, მექანიკის და გეოლოგიის დარგების მასალაზე) /
_c ანა თენიეშვილი ; რედ. გიორგი ყუფარაძე.
264 _aბათუმი :
_bშოთა რუსთაველის უნი-ტის გამ-ბა,
_c2012.
300 _a270 გვ. ;
_b20 სმ.
501 _aდანართი: გვ. 222-269.
504 _a ბიბლიოგრ.: გვ. 212-221.
520 _a რეზ. ინგლ..
541 _h10ლ. 92 თ.
653 _a თარგმნა ინგლისური ენიდან
653 _a ტექნიკური თარგმანი
700 _aყუფარაძე, გიორგი
_eრედაქტორი
_95064
942 _cBK
_2udc